000 00506nam a2200145Ia 4500
008 100204s9999 xx 000 0 und d
082 _b12321
100 _aनिमकर प्रतिभा अशोक
245 _aतीन बालनाटिका
260 _b"प्रतिभा अशोक निमकर , मुंबई"
_c1989
300 _a48
630 _aतीन बालनाटिका
730 _aतीन बालनाटिका
942 _cBOOK
999 _c456754
_d456751